Giáo trình thực tập hoá vô cơ /
Gespeichert in:
| 1. Verfasser: | |
|---|---|
| Format: | Sách giấy |
| Sprache: | Vietnamese |
| Veröffentlicht: |
H. :
Đại học Quốc gia,
2003
|
| Ausgabe: | In lần thứ 2 |
| Schlagworte: | |
| Tags: |
Tag hinzufügen
Keine Tags, Fügen Sie den ersten Tag hinzu!
|
| Thư viện lưu trữ: | Thư viện Trường Đại học Đà Lạt |
|---|
| LEADER | 00770nam a2200313 4500 | ||
|---|---|---|---|
| 001 | DLU040027270 | ||
| 005 | ##20040422 | ||
| 040 | # | # | |a DLU |b vie |
| 041 | # | # | |a vie |
| 044 | # | # | |a vn |
| 082 | # | # | |a 546 |b TR-C |
| 100 | # | # | |a Trịnh Ngọc Châu |
| 245 | # | # | |a Giáo trình thực tập hoá vô cơ / |c Trịnh Ngọc Châu |
| 250 | # | # | |a In lần thứ 2 |
| 260 | # | # | |a H. : |b Đại học Quốc gia, |c 2003 |
| 300 | # | # | |a 146 tr. ; |c 21 cm |
| 504 | # | # | |a Tài liệu tham khảo :tr.144 |
| 653 | # | # | |a Giáo trình |
| 653 | # | # | |a Hoá học vô cơ |
| 923 | # | # | |a 10/2004 |
| 992 | # | # | |a 12000 |
| 994 | # | # | |a DLU |
| 900 | # | # | |a True |
| 911 | # | # | |a Đào Thị Thu Huyền |
| 925 | # | # | |a G |
| 926 | # | # | |a A |
| 927 | # | # | |a SH |
| 980 | # | # | |a Thư viện Trường Đại học Đà Lạt |